[Event "24th Klatovy A 2016"]
[Site "Klatovy CZE"]
[Date "2016.07.04"]
[Round "3.42"]
[White "Kantor, Jozef"]
[Black "Richter, Martin1"]
[Result "0-1"]
[WhiteElo "1880"]
[BlackElo "1966"]
[PlyCount "78"]
[EventDate "2016.07.02"]
[EventType "swiss"]
[EventRounds "9"]
[EventCountry "CZE"]

1. e4 c5 2. Nc3 Nc6 3. g3 e6 4. Bg2 Nge7 5. Nf3 d5 6. d3 d4 7. Ne2 e5 8. O-O Ng6 9. Bg5 f6 10. Bd2 Bd6 11. c3 Be6 12. cxd4 cxd4 13. Ne1 O-O 14. f4 Bf7 15. Bh3 Qb6 16. Qc2 Rac8 17. Bxc8 Rxc8 18. Nf3 Nge7 19. Qa4 Bb4 20. Rfc1 Bxd2 21. Nxd2 Qxb2 22. Qc2 Qb5 23. Nb3 Nb4 24. Qd2 Nxd3 25. Rxc8+ Nxc8 26. Rd1 Nb4 27. fxe5 fxe5 28. Qg5 Nc6 29. Nf4 Nd6 30. Nh5 Bg6 31. Qg4 Nd8 32. Qg5 N8f7 33. Qg4 d3 34. Rc1 Qb6+ 35. Kf1 Nxe4 36. Nd4 Qxd4 37. Rc8+ Nd8 38. Qe6+ Bf7 39. Qf5 d2 0-1

[Event "24th Klatovy A 2016"]
[Site "Klatovy CZE"]
[Date "2016.07.04"]
[Round "3.43"]
[White "Lintner, Felix 1979"]
[Black "Novotny, Jaroslav2"]
[Result "0-1"]
[WhiteElo "1826"]
[BlackElo "1953"]
[PlyCount "124"]
[EventDate "2016.07.02"]
[EventType "swiss"]
[EventRounds "9"]
[EventCountry "CZE"]

1. e4 c5 2. Nc3 Nc6 3. g3 Nf6 4. Bg2 e6 5. d3 d5 6. f4 d4 7. Nce2 Be7 8. Nf3 O-O 9. h3 b5 10. O-O Qb6 11. g4 Rd8 12. Ng3 Bb7 13. Qe1 Rac8 14. f5 e5 15. g5 Nd7 16. h4 c4 17. Qf2 cxd3 18. cxd3 Nb4 19. Ne1 f6 20. a3 Na6 21. b4 Kh8 22. g6 h6 23. Qa2 Bf8 24. Bd2 Rc7 25. Rc1 Rdc8 26. Nf3 Qd6 27. Nh5 Rxc1 28. Bxc1 Qe7 29. Bd2 Nab8 30. Rc1 Rxc1+ 31. Bxc1 Nb6 32. Qf7 Qxf7 33. gxf7 Nc6 34. Bxh6 gxh6 35. Nxf6 Kg7 36. Ng4 Nd7 37. Bh3 Kxf7 38. f6 Nxf6 39. Ngxe5+ Nxe5 40. Nxe5+ Ke8 41. Nf3 Nh5 42. Nxd4 Nf4 43. Bf1 a6 44. Kf2 Ng6 45. Nf5 Bc8 46. Bh3 Kd8 47. Kg3 Ne5 48. Bf1 Bxf5 49. exf5 Ke7 50. Bg2 Nd7 51. Bb7 Nb8 52. Kg4 Kf6 53. Bc8 Bd6 54. Kh5 Bf4 55. d4 Bc1 56. d5 Bxa3 57. d6 Bxb4 58. d7 Be7 59. Kxh6 b4 60. d8=Q Bxd8 61. Be6 Nc6 62. Bc4 a5 0-1

[Event "24th Klatovy A 2016"]
[Site "Klatovy CZE"]
[Date "2016.07.04"]
[Round "3.44"]
[White "Paldus, Jan"]
[Black "Brock, Ditmar"]
[Result "1-0"]
[WhiteElo "1753"]
[BlackElo "1931"]
[PlyCount "51"]
[EventDate "2016.07.02"]
[EventType "swiss"]
[EventRounds "9"]
[EventCountry "CZE"]

1. e4 c5 2. Nf3 d6 3. d4 cxd4 4. Nxd4 Nf6 5. Nc3 a6 6. Bg5 e6 7. Be2 Be7 8. O-O h6 9. Be3 e5 10. Nb3 Be6 11. Nd2 Nbd7 12. Nc4 Qc7 13. Nd5 Bxd5 14. exd5 b5 15. Na3 Nb6 16. Bxb6 Qxb6 17. c4 b4 18. Qa4+ Nd7 19. Nc2 Rb8 20. Bg4 Rb7 21. Bxd7+ Rxd7 22. Nxb4 Bd8 23. Nxa6 Qa5 24. Qxa5 Bxa5 25. b4 Ra7 26. Nb8 1-0

[Event "24th Klatovy A 2016"]
[Site "Klatovy CZE"]
[Date "2016.07.04"]
[Round "3.45"]
[White "Palla, Rostislav"]
[Black "Stinka, Jakub"]
[Result "0-1"]
[WhiteElo "1736"]
[BlackElo "1916"]
[PlyCount "62"]
[EventDate "2016.07.02"]
[EventType "swiss"]
[EventRounds "9"]
[EventCountry "CZE"]

1. e4 c5 2. Nf3 d6 3. d4 cxd4 4. Nxd4 Nf6 5. Nc3 Nc6 6. Be3 Ng4 7. Bg5 Qb6 8. Nce2 e5 9. h3 Nxf2 10. Kxf2 exd4 11. Qd3 Be6 12. b3 d5 13. exd5 Nb4 14. Qe4 Nxd5 15. Nxd4 Bc5 16. Be3 Nxe3 17. Kxe3 O-O 18. c3 Rad8 19. Rd1 Rfe8 20. Kf2 Bxb3 21. Qxe8+ Rxe8 22. axb3 Qxb3 23. Rd3 Qb2+ 24. Kf3 h6 25. g4 a5 26. Kg3 Qc1 27. Rf3 Re3 28. Bg2 Bd6+ 29. Kh4 Qxc3 30. Rxe3 Qxe3 31. Nf3 Qf2+ 0-1

[Event "24th Klatovy A 2016"]
[Site "Klatovy CZE"]
[Date "2016.07.04"]
[Round "3.46"]
[White "Svoboda, Jaroslav2"]
[Black "Kovar, Petr"]
[Result "0-1"]
[WhiteElo "1711"]
[BlackElo "1915"]
[PlyCount "78"]
[EventDate "2016.07.02"]
[EventType "swiss"]
[EventRounds "9"]
[EventCountry "CZE"]

1. d4 d5 2. Nf3 Nf6 3. h3 Bf5 4. Nh4 Bd7 5. Bf4 e6 6. Nf3 c5 7. c3 Nc6 8. e3 Qb6 9. Qc2 Rc8 10. Qb3 Qxb3 11. axb3 Be7 12. Nbd2 O-O 13. dxc5 Bxc5 14. b4 Bb6 15. Bd3 Rfe8 16. Ne5 Nxe5 17. Bxe5 Red8 18. O-O Ne8 19. Nb3 f6 20. Bd4 Nd6 21. Bxb6 axb6 22. f3 Ra8 23. e4 dxe4 24. fxe4 e5 25. c4 Bc6 26. Nd2 Rxa1 27. Rxa1 Nxe4 28. Bxe4 Rxd2 29. Bxc6 bxc6 30. Ra6 Rxb2 31. Rxb6 Kf7 32. h4 Kg6 33. g4 h5 34. g5 Kf5 35. b5 cxb5 36. Rxb5 Rxb5 37. cxb5 Ke6 38. Kf2 f5 39. Ke3 Kd5 0-1

[Event "24th Klatovy A 2016"]
[Site "Klatovy CZE"]
[Date "2016.07.05"]
[Round "4.1"]
[White "Hollan, Petr"]
[Black "Vorisek, Jaroslav"]
[Result "1-0"]
[WhiteElo "2263"]
[BlackElo "2171"]
[PlyCount "75"]
[EventDate "2016.07.02"]
[EventType "swiss"]
[EventRounds "9"]
[EventCountry "CZE"]

1. e4 e5 2. Nf3 Nc6 3. Bc4 Nf6 4. d3 Be7 5. Nbd2 d6 6. c3 O-O 7. Bb3 Na5 8. Bc2 c5 9. h3 Nc6 10. Qe2 d5 11. Nf1 b5 12. g4 Be6 13. Ne3 Rc8 14. Nf5 c4 15. dxc4 bxc4 16. exd5 Bxd5 17. O-O Qc7 18. Rd1 Rfd8 19. Bg5 Bxf3 20. Qxf3 Nd5 21. Nxe7+ Ncxe7 22. Bf5 Rb8 23. b3 g6 24. Be4 Nf4 25. bxc4 Kg7 26. Rxd8 Rxd8 27. Rb1 h6 28. Rb7 Qxb7 29. Bxb7 hxg5 30. Qe3 f6 31. Bg2 Rd7 32. Kh2 Kf7 33. Be4 Rc7 34. c5 Ne6 35. c6 Nf4 36. Qc5 Ne6 37. Qd6 Nc8 38. Bxg6+ 1-0

[Event "24th Klatovy A 2016"]
[Site "Klatovy CZE"]
[Date "2016.07.05"]
[Round "4.3"]
[White "Toman, Ondrej"]
[Black "Turner, Jan"]
[Result "1/2-1/2"]
[WhiteElo "2197"]
[BlackElo "2387"]
[PlyCount "22"]
[EventDate "2016.07.02"]
[EventType "swiss"]
[EventRounds "9"]
[EventCountry "CZE"]

1. e4 d6 2. d4 Nf6 3. Nc3 e5 4. Nf3 Nbd7 5. Bc4 Be7 6. O-O O-O 7. a4 c6 8. Ba2 b6 9. Re1 Bb7 10. h3 a6 11. Bg5 b5 1/2-1/2

[Event "24th Klatovy A 2016"]
[Site "Klatovy CZE"]
[Date "2016.07.05"]
[Round "4.5"]
[White "Bartos, Jan"]
[Black "Jurek, Josef"]
[Result "0-1"]
[WhiteElo "2180"]
[BlackElo "2296"]
[PlyCount "54"]
[EventDate "2016.07.02"]
[EventType "swiss"]
[EventRounds "9"]
[EventCountry "CZE"]

1. d4 Nf6 2. c4 e6 3. Nf3 b6 4. g3 Ba6 5. Qc2 c5 6. d5 exd5 7. cxd5 Bb7 8. Bg2 Nxd5 9. O-O Nc6 10. Rd1 Be7 11. Qf5 Nf6 12. e4 g6 13. Qf4 O-O 14. Nc3 d6 15. h3 Nd7 16. Qh6 f6 17. Nb5 Nde5 18. Qd2 a6 19. Qd5+ Kg7 20. Nxd6 Bxd6 21. Qxd6 Nxf3+ 22. Bxf3 Nd4 23. Qf4 Qe7 24. Be3 g5 25. Qg4 h5 26. Qxh5 Rh8 27. Qg4 Bc8 0-1

[Event "24th Klatovy A 2016"]
[Site "Klatovy CZE"]
[Date "2016.07.05"]
[Round "4.6"]
[White "Ratsma, Midas"]
[Black "Novotny, Michal"]
[Result "1-0"]
[WhiteElo "2171"]
[BlackElo "2283"]
[PlyCount "75"]
[EventDate "2016.07.02"]
[EventType "swiss"]
[EventRounds "9"]
[EventCountry "CZE"]

1. d4 e6 2. e4 d5 3. Bd3 dxe4 4. Bxe4 Nf6 5. Bf3 c5 6. Ne2 Nc6 7. Be3 Nd5 8. Bxd5 Qxd5 9. Nbc3 Qc4 10. b3 Qa6 11. dxc5 Be7 12. O-O O-O 13. Ne4 Rd8 14. Qe1 e5 15. c4 f5 16. Nd6 f4 17. Nxc8 Raxc8 18. Bd2 Qa3 19. Nc3 Bxc5 20. Nd5 Bd4 21. Bc3 f3 22. g3 Qd6 23. Qe4 Rf8 24. Rad1 Rcd8 25. h3 Qh6 26. Kh2 Bxc3 27. Nxc3 Rd4 28. Qe1 Rfd8 29. Nd5 Rxd1 30. Qxd1 Re8 31. Qxf3 Qd2 32. Nc7 e4 33. Qf5 Re5 34. Qc8+ Nd8 35. Nd5 Re8 36. Qd7 Kf8 37. Kg1 Qxa2 38. Nc7 1-0

[Event "24th Klatovy A 2016"]
[Site "Klatovy CZE"]
[Date "2016.07.05"]
[Round "4.7"]
[White "Kuba, Stanislav"]
[Black "Vyprachticky, David"]
[Result "1/2-1/2"]
[WhiteElo "2156"]
[BlackElo "2246"]
[PlyCount "52"]
[EventDate "2016.07.02"]
[EventType "swiss"]
[EventRounds "9"]
[EventCountry "CZE"]

1. d4 Nf6 2. c4 e6 3. g3 d5 4. Bg2 dxc4 5. Qa4+ Bd7 6. Qxc4 Bc6 7. Bxc6+ Nxc6 8. Nf3 Qd5 9. Qxd5 exd5 10. Nc3 O-O-O 11. Bg5 Be7 12. Rc1 Rhe8 13. Bf4 Ne4 14. Nxe4 dxe4 15. Ne5 Bb4+ 16. Kf1 Bd6 17. Nxc6 bxc6 18. Rxc6 Bxf4 19. gxf4 Rxd4 20. Kg2 Re6 21. Rxe6 fxe6 22. Rb1 Rd2 23. Kf1 Rd5 24. Rc1 Rd2 25. Rb1 Rd5 26. Rc1 Rd2 1/2-1/2

[Event "24th Klatovy A 2016"]
[Site "Klatovy CZE"]
[Date "2016.07.05"]
[Round "4.8"]
[White "Kopta, Pavel"]
[Black "Kozak, Milos"]
[Result "1/2-1/2"]
[WhiteElo "2235"]
[BlackElo "2152"]
[PlyCount "26"]
[EventDate "2016.07.02"]
[EventType "swiss"]
[EventRounds "9"]
[EventCountry "CZE"]

1. d4 Nf6 2. c4 e6 3. Nc3 Bb4 4. Qc2 O-O 5. Nf3 c5 6. dxc5 Na6 7. c6 bxc6 8. a3 Bxc3+ 9. Qxc3 Nc5 10. Qc2 a5 11. Be3 Qe7 12. g3 a4 13. Rd1 Nb3 1/2-1/2

[Event "24th Klatovy A 2016"]
[Site "Klatovy CZE"]
[Date "2016.07.05"]
[Round "4.9"]
[White "Hurdzan, Tomas"]
[Black "Dolansky, Lukas"]
[Result "1-0"]
[WhiteElo "2208"]
[BlackElo "2102"]
[PlyCount "53"]
[EventDate "2016.07.02"]
[EventType "swiss"]
[EventRounds "9"]
[EventCountry "CZE"]

1. e4 e5 2. Nf3 Nc6 3. Nc3 Nf6 4. d4 exd4 5. Nxd4 Bb4 6. Nxc6 bxc6 7. Bd3 h6 8. e5 Nd5 9. Qg4 g5 10. O-O Qe7 11. Nxd5 cxd5 12. a3 Bc5 13. b4 Bb6 14. Bb2 Rg8 15. Rfe1 Bb7 16. a4 a6 17. a5 Ba7 18. Ba3 h5 19. Qf3 O-O-O 20. b5 Qe6 21. bxa6 Ba8 22. Bf1 g4 23. Qc3 h4 24. Bd6 c5 25. Reb1 g3 26. Qxc5+ Bxc5 27. Rb8# 1-0

[Event "24th Klatovy A 2016"]
[Site "Klatovy CZE"]
[Date "2016.07.05"]
[Round "4.10"]
[White "Kovar, Vojtech"]
[Black "Stolc, Martin"]
[Result "1-0"]
[WhiteElo "2358"]
[BlackElo "2042"]
[PlyCount "46"]
[EventDate "2016.07.02"]
[EventType "swiss"]
[EventRounds "9"]
[EventCountry "CZE"]

1. d4 d6 2. Nf3 g6 3. e4 Bg7 4. c3 Nc6 5. Bg5 h6 6. Bh4 f5 7. exf5 Bxf5 8. d5 Ne5 9. Nd4 Qc8 10. f4 Nf7 11. Na3 g5 12. Bb5+ Kf8 13. Bg3 Nf6 14. fxg5 hxg5 15. O-O Bg4 16. Be2 Kg8 17. Nab5 c6 18. Bxg4 Nxg4 19. Nf5 Bf6 20. Nbxd6 Nxd6 21. Bxd6 exd6 22. Qxg4 cxd5 23. Rae1 Qc5+ 1-0

[Event "24th Klatovy A 2016"]
[Site "Klatovy CZE"]
[Date "2016.07.05"]
[Round "4.11"]
[White "Miesbauer, Jan"]
[Black "Horak, Martin"]
[Result "0-1"]
[WhiteElo "2321"]
[BlackElo "2107"]
[PlyCount "62"]
[EventDate "2016.07.02"]
[EventType "swiss"]
[EventRounds "9"]
[EventCountry "CZE"]

1. d4 Nf6 2. c4 c5 3. Nf3 cxd4 4. Nxd4 g6 5. Nc3 Bg7 6. g3 O-O 7. Bg2 Nc6 8. O-O Nxd4 9. Qxd4 d6 10. Qd3 Nd7 11. b3 Nc5 12. Qd2 Bd7 13. Bb2 Rb8 14. Rad1 Bc6 15. e4 a5 16. Rfe1 Qc7 17. f4 Qb6 18. Kh1 a4 19. Nxa4 Nxa4 20. Bxg7 Kxg7 21. bxa4 Ra8 22. Rb1 Qc5 23. e5 Rxa4 24. Bxc6 bxc6 25. Rb7 Qxc4 26. Re2 dxe5 27. fxe5 Rd8 28. Qb2 e6 29. Kg2 Qd5+ 30. Kh3 Qf3 31. Rf2 Rh4+ 0-1

[Event "24th Klatovy A 2016"]
[Site "Klatovy CZE"]
[Date "2016.07.05"]
[Round "4.12"]
[White "Rosenbaum, Vit"]
[Black "Soural, Jan"]
[Result "0-1"]
[WhiteElo "2087"]
[BlackElo "2231"]
[PlyCount "126"]
[EventDate "2016.07.02"]
[EventType "swiss"]
[EventRounds "9"]
[EventCountry "CZE"]

1. d4 Nf6 2. c4 g6 3. g3 d5 4. cxd5 Nxd5 5. e4 Nb6 6. Bg2 Bg7 7. Ne2 c5 8. d5 O-O 9. O-O e6 10. Nbc3 Na6 11. h3 Bd7 12. Re1 e5 13. g4 Nc4 14. Ng3 Nd6 15. Bf1 c4 16. Be3 Qc7 17. Rc1 Rfc8 18. Nb1 Qa5 19. a3 Ba4 20. Qd2 Qd8 21. Nc3 Bd7 22. Rc2 Nc5 23. Bxc5 Rxc5 24. Rec1 Qh4 25. Nd1 Bh6 26. Ne3 Rac8 27. b3 b5 28. Kg2 Bf4 29. Be2 h5 30. a4 a6 31. axb5 axb5 32. bxc4 bxc4 33. Rc3 hxg4 34. hxg4 Bxg3 35. fxg3 Qxg3+ 36. Kxg3 Nxe4+ 37. Kg2 Nxd2 38. R1c2 Ne4 39. Rxc4 Rxc4 40. Rxc4 Rxc4 41. Nxc4 Bb5 42. Nd2 Nxd2 43. Bxb5 Ne4 44. Kf3 Nd6 45. Bd3 Kf8 46. g5 Ke7 47. Ke3 Nf5+ 48. Ke4 Kd6 49. Bc4 Ng3+ 50. Kf3 Nh5 51. Ba2 Nf4 52. Ke4 Nh3 53. Kf3 Nxg5+ 54. Kg4 Ne4 55. Bb3 f5+ 56. Kh4 Nd2 57. Ba2 e4 58. Kg3 g5 59. Kf2 Nf3 60. Ke3 Ke5 61. Bb3 f4+ 62. Kf2 Nd4 63. Ba2 Nf5 0-1

[Event "24th Klatovy A 2016"]
[Site "Klatovy CZE"]
[Date "2016.07.05"]
[Round "4.13"]
[White "Turner, Radek"]
[Black "Formanek, Martin"]
[Result "0-1"]
[WhiteElo "2077"]
[BlackElo "2227"]
[PlyCount "102"]
[EventDate "2016.07.02"]
[EventType "swiss"]
[EventRounds "9"]
[EventCountry "CZE"]

1. c4 Nf6 2. g3 g6 3. Bg2 Bg7 4. Nc3 O-O 5. e4 d6 6. Nge2 c5 7. d3 Nc6 8. O-O a6 9. a4 Rb8 10. h3 Ne8 11. Be3 Nc7 12. d4 cxd4 13. Nxd4 Ne6 14. Nce2 Bd7 15. Rc1 Ncxd4 16. Nxd4 Nxd4 17. Bxd4 Bxa4 18. Qxa4 Bxd4 19. b3 f5 20. exf5 Rxf5 21. Bd5+ Kg7 22. Kg2 e5 23. f3 Qe7 24. Qa5 h5 25. Be4 Rf6 26. Rce1 h4 27. g4 Rf4 28. Re2 Rc8 29. Qb4 Rc7 30. Rd1 Rf8 31. Qe1 Qf6 32. Bd5 b6 33. Rd3 Bc5 34. f4 Qxf4 35. Rf3 Qg5 36. Rxf8 Kxf8 37. Qf1+ Kg7 38. b4 Bd4 39. Ra2 a5 40. bxa5 bxa5 41. Qe1 Bb6 42. Rb2 Qe3 43. Re2 Qd3 44. Rb2 Qd4 45. Rb3 e4 46. Qc3 Qxc3 47. Rxc3 Re7 48. Kf1 Bc5 49. Bc6 Kf6 50. Ke2 Ke5 51. Bd5 a4 0-1

[Event "24th Klatovy A 2016"]
[Site "Klatovy CZE"]
[Date "2016.07.05"]
[Round "4.14"]
[White "Zeman, Matyas"]
[Black "Jelinek, Michal"]
[Result "1-0"]
[WhiteElo "2056"]
[BlackElo "2176"]
[PlyCount "49"]
[EventDate "2016.07.02"]
[EventType "swiss"]
[EventRounds "9"]
[EventCountry "CZE"]

1. e4 e5 2. Nf3 Nc6 3. Bc4 Bc5 4. O-O Nf6 5. d3 d6 6. h3 Be6 7. Nbd2 O-O 8. Re1 a6 9. a4 Qd7 10. Nf1 h6 11. c3 Bxc4 12. dxc4 Qe6 13. b3 Ne7 14. Ng3 Nd7 15. Nh4 Kh7 16. Nhf5 Nxf5 17. exf5 Qe7 18. Qf3 Rab8 19. Ne4 Ba7 20. Qh5 Nf6 21. Qh4 Ng8 22. f6 gxf6 23. Bxh6 Nxh6 24. Nxf6+ Kg6 25. Qh5+ 1-0

[Event "24th Klatovy A 2016"]
[Site "Klatovy CZE"]
[Date "2016.07.05"]
[Round "4.15"]
[White "Zilavy, Jan"]
[Black "Lacina, Adolf"]
[Result "0-1"]
[WhiteElo "2030"]
[BlackElo "2167"]
[PlyCount "58"]
[EventDate "2016.07.02"]
[EventType "swiss"]
[EventRounds "9"]
[EventCountry "CZE"]

1. e4 e6 2. d4 d5 3. Nd2 Nf6 4. e5 Nfd7 5. f4 c5 6. c3 Nc6 7. Ndf3 Qa5 8. dxc5 Qxc5 9. Nd4 Nxd4 10. cxd4 Qb4+ 11. Qd2 Qb6 12. Ne2 Nb8 13. a3 Bd7 14. g4 Be7 15. Kf2 Bb5 16. Nc3 Bxf1 17. Rxf1 Nc6 18. Ne2 f6 19. Kg3 O-O 20. Qe3 fxe5 21. dxe5 Bc5 22. Qc3 d4 23. Qe1 Qb3+ 24. Rf3 Qd5 25. Ng1 g5 26. h4 Rad8 27. Rd3 gxf4+ 28. Bxf4 Rxf4 29. Kxf4 Nxe5 0-1

[Event "24th Klatovy A 2016"]
[Site "Klatovy CZE"]
[Date "2016.07.05"]
[Round "4.16"]
[White "Filipi, Stepan"]
[Black "Soural, Karel"]
[Result "1-0"]
[WhiteElo "2164"]
[BlackElo "2035"]
[PlyCount "93"]
[EventDate "2016.07.02"]
[EventType "swiss"]
[EventRounds "9"]
[EventCountry "CZE"]

1. e4 e5 2. Nf3 Nc6 3. Bb5 a6 4. Ba4 Nf6 5. O-O Be7 6. Qe2 b5 7. Bb3 d6 8. c3 O-O 9. d4 Bg4 10. Rd1 Qc8 11. Bc2 h6 12. Be3 Nh7 13. a4 exd4 14. cxd4 Rb8 15. Nc3 Nb4 16. Bb1 c6 17. Bf4 Ng5 18. Bxg5 hxg5 19. Re1 g6 20. Qe3 Bxf3 21. Qxf3 Kg7 22. axb5 axb5 23. Ra7 Rb7 24. Rxb7 Qxb7 25. e5 d5 26. Qg4 Qc8 27. Qg3 Rh8 28. Rf1 Rh4 29. f4 gxf4 30. Rxf4 Rxf4 31. Qxf4 Na6 32. h4 Qh8 33. e6 f6 34. Qg4 Qh5 35. Qxh5 gxh5 36. Bf5 Nc7 37. Kf2 Ne8 38. Ne2 Bd6 39. Kf3 Be7 40. g4 Nd6 41. Nf4 hxg4+ 42. Kxg4 Nc4 43. Ng6 Ne3+ 44. Kf4 Nxf5 45. Kxf5 Bd6 46. h5 c5 47. e7 1-0

[Event "24th Klatovy A 2016"]
[Site "Klatovy CZE"]
[Date "2016.07.05"]
[Round "4.17"]
[White "Zizka, Petr"]
[Black "Routner, Jakub"]
[Result "0-1"]
[WhiteElo "2004"]
[BlackElo "2130"]
[PlyCount "86"]
[EventDate "2016.07.02"]
[EventType "swiss"]
[EventRounds "9"]
[EventCountry "CZE"]

1. b3 e5 2. Bb2 Nc6 3. e3 Be7 4. Nf3 Bf6 5. d4 exd4 6. Nxd4 Nge7 7. Bd3 O-O 8. O-O d6 9. Nd2 Nxd4 10. Bxd4 Nc6 11. c3 Nxd4 12. exd4 g6 13. Rc1 Be6 14. Ne4 Bg7 15. f4 Bh6 16. Rc2 f5 17. Nd2 Re8 18. Qf3 c6 19. b4 Bg7 20. Bc4 Bxc4 21. Nxc4 Qd7 22. d5 Re4 23. Nd2 Re7 24. Rd1 Rae8 25. Nf1 Re4 26. Rcd2 c5 27. bxc5 dxc5 28. d6 R4e6 29. Rd5 Bf8 30. Qd3 b5 31. Qd2 a5 32. Ng3 Re3 33. Kf2 Bxd6 34. Qxe3 Rxe3 35. Kxe3 Qe6+ 36. Kf3 Be7 37. Re5 Qc6+ 38. Red5 b4 39. c4 a4 40. R1d3 Kf8 41. Ne2 Qa6 42. Nc1 Qxc4 43. Rd1 b3 0-1

[Event "24th Klatovy A 2016"]
[Site "Klatovy CZE"]
[Date "2016.07.05"]
[Round "4.18"]
[White "Chmel, Kristian"]
[Black "Van der Hoeven, Gerben"]
[Result "1-0"]
[WhiteElo "2114"]
[BlackElo "1968"]
[PlyCount "44"]
[EventDate "2016.07.02"]
[EventType "swiss"]
[EventRounds "9"]
[EventCountry "CZE"]

1. d4 c5 2. d5 e5 3. e4 d6 4. Nf3 Nf6 5. Nc3 a6 6. a4 Bg4 7. Be2 Nbd7 8. Nd2 Bxe2 9. Qxe2 g6 10. Nc4 Rb8 11. a5 Nh5 12. g3 Be7 13. Bh6 Rg8 14. Bd2 Rf8 15. O-O f5 16. f4 exf4 17. exf5 Ne5 18. Nxe5 dxe5 19. g4 gxf5 20. gxh5 Qc7 21. Rae1 Bd6 22. Bxf4 Kd7 1-0

[Event "24th Klatovy A 2016"]
[Site "Klatovy CZE"]
[Date "2016.07.05"]
[Round "4.19"]
[White "Maly, Filip"]
[Black "Vanek, Petr"]
[Result "1-0"]
[WhiteElo "1954"]
[BlackElo "2112"]
[PlyCount "69"]
[EventDate "2016.07.02"]
[EventType "swiss"]
[EventRounds "9"]
[EventCountry "CZE"]

1. e4 e6 2. d4 d5 3. Nc3 Bb4 4. e5 c5 5. a3 Ba5 6. b4 cxd4 7. Qg4 Ne7 8. bxa5 dxc3 9. Qxg7 Rg8 10. Qxh7 Nbc6 11. Nf3 Qxa5 12. Rb1 Qc7 13. Bf4 Bd7 14. Bg3 O-O-O 15. Bd3 Ng6 16. Bxg6 fxg6 17. O-O Rdf8 18. h4 Na5 19. Qe7 b6 20. Qb4 Qc5 21. Rfe1 Nc6 22. Qg4 Na5 23. Nd4 Qxa3 24. Nb5 Qc5 25. Nd6+ Kb8 26. Re3 Nb7 27. Rb3 Nxd6 28. exd6 d4 29. Re5 Qc4 30. Re4 Qc6 31. Rxd4 e5 32. Rc4 Qxd6 33. Qd4 Qxd4 34. Rxd4 Rf5 35. Rxd7 1-0

[Event "24th Klatovy A 2016"]
[Site "Klatovy CZE"]
[Date "2016.07.05"]
[Round "4.20"]
[White "Vedral, Oldrich"]
[Black "Van Kempen, Roderick"]
[Result "1-0"]
[WhiteElo "2289"]
[BlackElo "2042"]
[PlyCount "167"]
[EventDate "2016.07.02"]
[EventType "swiss"]
[EventRounds "9"]
[EventCountry "CZE"]

1. d4 e6 2. c4 d5 3. Nc3 Nf6 4. Bg5 Be7 5. e3 Nbd7 6. cxd5 exd5 7. Bd3 O-O 8. Nf3 c5 9. Rc1 b6 10. O-O Bb7 11. Bb1 Ne4 12. Bxe7 Qxe7 13. dxc5 Nxc3 14. Rxc3 bxc5 15. b4 c4 16. b5 a6 17. bxa6 Rxa6 18. Nd4 g6 19. Rc2 Rb6 20. Qd2 Qa3 21. Ne2 Nc5 22. Qd4 Rb8 23. Nc3 Bc6 24. Rcc1 Ne6 25. Qe5 Qa8 26. h4 Ng7 27. Rfd1 Qb7 28. Bc2 Rc8 29. Qd4 Ne6 30. Qg4 Ng7 31. Rd4 Rb2 32. Qd1 Ne6 33. Rg4 Qe7 34. Bb1 Ng7 35. Rd4 Ne6 36. Nxd5 Bxd5 37. Rxd5 c3 38. Bc2 Qxh4 39. a4 Ra8 40. Qd3 Qf6 41. a5 h5 42. Ra1 h4 43. Ra3 h3 44. Qxc3 Qxc3 45. Rxc3 Ra2 46. gxh3 R2xa5 47. Bb3 Rxd5 48. Bxd5 Re8 49. Rc6 Kg7 50. Bxe6 fxe6 51. Kg2 Kf6 52. Kg3 g5 53. Rc5 Ra8 54. Kg4 Ra1 55. Kg3 Rg1+ 56. Kh2 Ra1 57. Kg2 Rb1 58. Rc4 Kf5 59. Rc8 Rb4 60. Rh8 Ra4 61. Kg3 Ra1 62. Rh6 Rg1+ 63. Kf3 Re1 64. Kg2 Re2 65. Kg3 Ra2 66. f3 Ra1 67. e4+ Ke5 68. Rg6 Rg1+ 69. Kf2 Ra1 70. Rxg5+ Kf6 71. Rb5 Rc1 72. Kg3 Rg1+ 73. Kf2 Ra1 74. h4 Rc1 75. h5 Ra1 76. f4 Rc1 77. Rb6 Kf7 78. Rb7+ Kf6 79. h6 Rc2+ 80. Kf3 Rc3+ 81. Kg4 Ra3 82. Rg7 e5 83. fxe5+ Kxe5 84. h7 1-0

[Event "24th Klatovy A 2016"]
[Site "Klatovy CZE"]
[Date "2016.07.05"]
[Round "4.21"]
[White "Barrish, Daniel"]
[Black "Danek, Vaclav"]
[Result "1-0"]
[WhiteElo "2183"]
[BlackElo "1921"]
[PlyCount "73"]
[EventDate "2016.07.02"]
[EventType "swiss"]
[EventRounds "9"]
[EventCountry "CZE"]

1. d4 c5 2. d5 e5 3. e4 d6 4. Bb5+ Nd7 5. a4 Ngf6 6. Nc3 Be7 7. Nf3 a6 8. Be2 b6 9. O-O O-O 10. Nd2 Ne8 11. Nc4 Bg5 12. Rb1 Rb8 13. b4 g6 14. bxc5 bxc5 15. Rxb8 Nxb8 16. a5 Nd7 17. Na4 Bxc1 18. Qxc1 f5 19. f3 Ndf6 20. Qe3 Bd7 21. Nab6 Bb5 22. Na3 Bxe2 23. Qxe2 Nc7 24. Nbc4 Nb5 25. Nxb5 axb5 26. Nb6 b4 27. exf5 gxf5 28. Qb5 Rf7 29. a6 Ne8 30. Ra1 Ra7 31. Qc6 Nc7 32. Nc4 Ne8 33. Ra5 Nc7 34. Qb6 Qa8 35. Qxd6 Qxd5 36. Qxd5+ Nxd5 37. Rxc5 1-0

[Event "24th Klatovy A 2016"]
[Site "Klatovy CZE"]
[Date "2016.07.05"]
[Round "4.22"]
[White "Chalupa, Ivan"]
[Black "Sysel, Jaroslav"]
[Result "1-0"]
[WhiteElo "2175"]
[BlackElo "1879"]
[PlyCount "107"]
[EventDate "2016.07.02"]
[EventType "swiss"]
[EventRounds "9"]
[EventCountry "CZE"]

1. e4 c5 2. Nf3 d6 3. d4 cxd4 4. Nxd4 Nf6 5. Nc3 a6 6. h3 e6 7. g4 Be7 8. Bg2 Nfd7 9. Be3 O-O 10. O-O Nc6 11. Nce2 Qc7 12. a4 Nxd4 13. Bxd4 b6 14. Ng3 Bb7 15. Qd2 Rac8 16. Rfc1 Rfd8 17. c4 Bh4 18. b4 Bxg3 19. fxg3 a5 20. Rab1 Ba6 21. Bf1 d5 22. cxd5 Qxg3+ 23. Qg2 Qxg2+ 24. Bxg2 axb4 25. Rc6 Bb7 26. Rxc8 Rxc8 27. Rxb4 Rc1+ 28. Kf2 Rc2+ 29. Kg3 exd5 30. exd5 Ba6 31. Bxb6 Rc3+ 32. Kf4 f6 33. a5 Bd3 34. h4 Ne5 35. d6 Ba6 36. Be4 Kf7 37. Bd4 Ra3 38. Bd5+ Ke8 39. Bxe5 fxe5+ 40. Kxe5 Rxa5 41. Rd4 Bb7 42. Ke4 Bxd5+ 43. Rxd5 Ra4+ 44. Rd4 Ra5 45. Rd5 Ra6 46. d7+ Kd8 47. Ke5 Rg6 48. g5 Ra6 49. h5 g6 50. h6 Ra7 51. Ke6 Ra1 52. Kf7 Re1 53. Kg7 Re7+ 54. Kg8 1-0

[Event "24th Klatovy A 2016"]
[Site "Klatovy CZE"]
[Date "2016.07.05"]
[Round "4.23"]
[White "Brunova, Blanka"]
[Black "Kaderabek, Jiri"]
[Result "1-0"]
[WhiteElo "1880"]
[BlackElo "2125"]
[PlyCount "51"]
[EventDate "2016.07.02"]
[EventType "swiss"]
[EventRounds "9"]
[EventCountry "CZE"]

1. e4 c5 2. c3 Nf6 3. e5 Nd5 4. d4 cxd4 5. Nf3 d6 6. cxd4 Nc6 7. Bc4 Nb6 8. Bb3 d5 9. O-O Bg4 10. Be3 e6 11. Nbd2 Be7 12. Rc1 O-O 13. Bc2 Rc8 14. a3 Na5 15. Qe2 Qd7 16. b3 Rc7 17. h3 Bh5 18. Bxh7+ Kxh7 19. Ng5+ Bxg5 20. Qxh5+ Bh6 21. g4 f5 22. exf6 Rxf6 23. g5 Rf5 24. Qh4 Rxc1 25. Rxc1 Qe7 26. g6+ 1-0